Předpisy o stavbách 2. diel: projektová dokumentace, navrhování a provádéní staveb, fakturace /

Guardado en:
Detalles Bibliográficos
Autores principales: Adámek, František (Autor), Jelínek, Vladimír (Autor), Žák, Vilém (Autor)
Formato: Libro
Lenguaje:checo
Publicado: Praha: SNTL, 1964
Edición:2. prepracované a dopl. vyd.
Etiquetas: Agregar Etiqueta
Sin Etiquetas, Sea el primero en etiquetar este registro!

MARC

LEADER 00000nam a22000003a 4500
001 0024832
003 SK-STU
005 20170627142403.0
007 ta
008 170627s ----xo-----e------000-0-----d
040 |a STU  |b slo 
041 0 |a cze  |h cze 
044 |a xr 
100 1 |a Adámek, František  |4 aut 
245 1 0 |a Předpisy o stavbách 2. diel:  |b projektová dokumentace, navrhování a provádéní staveb, fakturace /  |c aut. František Adámek, Vladimír Jelínek, Vilém Žák 
250 |a 2. prepracované a dopl. vyd. 
260 |a Praha:  |b SNTL,  |c 1964 
300 |a 246 s. 
700 1 |a Jelínek, Vladimír  |4 aut 
700 1 |a Žák, Vilém  |4 aut 
996 |b 284V040661  |c V* 52653/O-23810  |l VVS  |s A  |a 24  |w 0024832_0001